000 00683nam a2200181Ia 4500
003 GCL
008 140319s9999 xx 000 0 ara d
040 _aGCL /
_cGCL
082 0 4 _a025.3
_bش ن
100 1 _aشعبان عبدالعزيز خليفة
245 1 0 _aنظريات التحليل الموضوعى وتطبيقاته للمكتبات ومراكز المعلومات وقواعد البيانات /
_cشعبان عبدالعزيز خليفة
260 _a[S.N] :
_bد. ن
300 _a2 مج ؛
_c32 سم
650 0 4 _aالفهرسة الموضوعية
650 0 4 _aرؤوس الموضوعات
650 0 4 _aالتحليل البيلبوجرافى
942 _2ddc
_cBK
999 _c8425
_d8425